000 00664cab a22002055a 4500
001 L148348
008 090908e20090829xxk f 000 0 eng d
035 _a(Sirsi) u148348
041 0 _aeng
100 1 _aJohnston, Bryan
245 0 0 _aEconomic clouds can have a silver lining
260 _c2009
490 _aEstates Gazette
_v(0934) 29 August 2009, 74-75 (2)
520 _aDiscusses rights to light and provides tips for related financial opportunities.
590 _aKA
651 4 _aEngland and Wales
_y1543-
690 _aPROPERTY-PROPERTY MANAGEMENT-EASEMENTS-RIGHTS TO LIGHT DETERMINATION-RIGHTS TO LIGHT
700 1 _aRobinson, Craig
942 _n0
999 _c81799
_d81799